Welcome to CU Library Online Public Access Catalogue (OPAC)

Journeying with the Old Testament / (Record no. 6402)

MARC details
000 -LEADER
fixed length control field 00553cam a22001814a 4500
001 - CONTROL NUMBER
control field 16941894
005 - DATE AND TIME OF LATEST TRANSACTION
control field 20250611081624.0
008 - FIXED-LENGTH DATA ELEMENTS--GENERAL INFORMATION
fixed length control field 110831s2011 iluab b 000 0 eng c
020 ## - INTERNATIONAL STANDARD BOOK NUMBER
International Standard Book Number 9783034310062
050 00 - LIBRARY OF CONGRESS CALL NUMBER
Classification number BS511.3
Item number .G385 2011
082 04 - DEWEY DECIMAL CLASSIFICATION NUMBER
Classification number 221.6
Edition information 23
100 1# - MAIN ENTRY--PERSONAL NAME
Personal name Gatti, Nicoletta,
Dates associated with a name 1961-
245 10 - TITLE STATEMENT
Title Journeying with the Old Testament /
Statement of responsibility, etc. Nicoletta Gatti & George Ossom-Batsa.
260 ## - PUBLICATION, DISTRIBUTION, ETC.
Place of publication, distribution, etc. Bern ;
-- New York :
Name of publisher, distributor, etc. Peter Lang,
Date of publication, distribution, etc. 2011.
300 ## - PHYSICAL DESCRIPTION
Extent 189 p. :
Other physical details ill., maps ;
Dimensions 23 cm.
700 1# - ADDED ENTRY--PERSONAL NAME
Personal name Ossom-Batsa, George,
Dates associated with a name 1959-
942 ## - ADDED ENTRY ELEMENTS (KOHA)
Source of classification or shelving scheme Library of Congress Classification
Koha item type Books
Suppress in OPAC No
999 ## -
-- 6402
-- 6402
Holdings
Withdrawn status Lost status Source of classification or shelving scheme Damaged status Not for loan Collection Home library Current library Shelving location Date acquired Total checkouts Full call number Barcode Date last seen Copy number Price effective from Koha item type
    Library of Congress Classification     Non-fiction Undergraduate Library (Christ Temple) Undergraduate Library (Christ Temple) General stacks 06/11/2025   BS511.3.G385 GAT ulct00003189 06/11/2025 1 06/02/2025 Books
© 2023-2024 Copyright: Central University Libraries. All Rights Reserved | Created by: Mahone Tech Office